|
|
|
|
| LEADER |
00726nam a2200217 a 4500 |
| 001 |
c000051133 |
| 003 |
CARM |
| 005 |
19850531000000.0 |
| 008 |
850606s1955 vra 000 1 eng d |
| 019 |
1 |
|
|a 3121841
|5 LACONCORD2021
|
| 035 |
|
|
|a (OCoLC)154704862
|5 LACONCORD2021
|
| 040 |
|
|
|a VDU
|b eng
|c VDU
|
| 042 |
|
|
|a anuc
|
| 082 |
1 |
4 |
|a 813.54
|2 19
|
| 100 |
1 |
|
|a Vidal, Gore,
|d 1925-
|
| 245 |
1 |
0 |
|a Messiah /
|c by Gore Vidal.
|
| 260 |
|
|
|a Melbourne :
|b Heineman,
|c 1955.
|
| 300 |
|
|
|a 286 p. ;
|c 20cm.
|
| 852 |
8 |
|
|b CARM
|h A2:AE33H0
|i A01006
|p 0105360
|f BK
|
| 999 |
f |
f |
|i b542117e-3262-570e-bd41-4c6ad7258a47
|s 453f6077-6b62-5309-9954-34774460be0b
|
| 952 |
f |
f |
|p Can circulate
|a CAVAL
|b CAVAL
|c CAVAL
|d CARM 1 Store
|e A01006
|f A2:AE33H0
|h Other scheme
|i book
|m 0105360
|